Excavations at Actun Polbilche, Belize /

Gespeichert in:
Bibliographische Detailangaben
1. Verfasser: Pendergast, David M. (autor)
Format: Buch
Sprache:Englisch
Veröffentlicht: Toronto, Canadá : Royal Ontario Museum, 1974, c1974
Tags: Tag hinzufügen
Keine Tags, Fügen Sie das erste Tag hinzu!

MARC

LEADER 00000nam^a2200000^a^4500
001 000454680
005 20250526000000.0
009 20260310123935.301
020 |a 0-88854-033-7 
037 |a Acervo ITESO - Biblioteca 
041 |a ING 
091 |a FHA. 00182 
100 |a Pendergast, David M.  |e (autor) 
245 1 0 |a Excavations at Actun Polbilche, Belize / 
264 4 |a Toronto, Canadá :  |b Royal Ontario Museum,  |c 1974, c1974 
300 |a 103 p. ;  |c 25.0 cm. 
336 |a texto  |b txt  |2 rdacontenido 
337 |a sin mediación  |b n  |2 rdamedio 
338 |a volumen  |b nc  |2 rdasoporte 
515 |a Inventario familia Hartung: 302 
649 |a XX 
910 |a Fondo Horst Hartung Franz 
920 |a Impresos - Libros 
930 |a Libros Antiguos y Raros 
905 |a 135 
901 |a 0500331696  |b IT2  |c LRA  |i D  |u 20250526 
902 |a https://opac.biblio.iteso.mx/vufind/Record/000454680